Πείρα και αγωγή
Saved in:
| Main Author: | |
|---|---|
| Other Authors: | |
| Format: | Book |
| Language: | Greek English |
| Published: |
Αθήναι :
Νέο Σχολείο,
1952
|
| Series: | Παιδαγωγική βιβλιοθήκη (Εκδόσεις Νέο Σχολείο)
; 8 |
| Subjects: | |
| Tags: |
Add Tag
No Tags, Be the first to tag this record!
|
MARC
| LEADER | 00000cam a2200000 i 4500 | ||
|---|---|---|---|
| 001 | 1/94009 | ||
| 008 | 080917s1952 gr | ||| |||| ||gre|| | ||
| 035 | |l 10100213 | ||
| 040 | |a GR-MY-UA |b gre |e aacr | ||
| 041 | 1 | |a gre |h eng | |
| 082 | 0 | |a 370.1 |2 (22) | |
| 100 | 1 | |a Dewey, John, |d 1859-1952. | |
| 245 | 1 | 0 | |a Πείρα και αγωγή / |c John Dewey ; μεταφραστής Γιώργος Βασδέκης |
| 260 | |a Αθήναι : |b Νέο Σχολείο, |c 1952 | ||
| 300 | |a 87 σ.; |c 17 εκ. | ||
| 490 | 1 | |a Παιδαγωγική βιβλιοθήκη |v ; 8 | |
| 500 | |a Το αντίτυπο της Ρόδου με αριθμό εισαγωγής 153014 είναι δεμένο με: Η παιδαγωγική του Τζων Ντιούϊ (John Dewey) / M.A. Carroi - Hans Aeblie | ||
| 650 | 0 | 0 | |a Education |x Philosophy. |
| 650 | 0 | 0 | |a Experience. |
| 700 | 1 | |4 trl |a Βασδέκης, Γιώργος Α. | |
| 830 | 0 | |a Παιδαγωγική βιβλιοθήκη (Εκδόσεις Νέο Σχολείο) |v ; 8 | |
| 852 | |a INST |b RHODES |c AKA |e 20080917 |h 370.1 DEW |p 005400028243 |q 005400028243 |t BK |y 0 | ||
| 901 | |a BIBL4-2008-3 | ||
| 909 | |a Ρ |b 153014 | ||
| 970 | |a ΧΑΡΙΟΠΟΛΙΤΟΥ |b ΚΩΝΣΤΑΝΤΙΝΑ |z 2008/09/17 | ||